<?xml version="1.0" encoding="UTF-8"?>
<collection xmlns="http://www.loc.gov/MARC21/slim">
  <record>
    <leader>00000nam  2200000   4500</leader>
    <controlfield tag="001">INLIS000000000043077</controlfield>
    <controlfield tag="005">20200604083720</controlfield>
    <datafield tag="035" ind1="#" ind2="#">
      <subfield code="a">0010-101300000000999</subfield>
    </datafield>
    <controlfield tag="008">200604################g##########0#ind##</controlfield>
    <datafield tag="041" ind1="#" ind2="#">
      <subfield code="a">Ind</subfield>
    </datafield>
    <datafield tag="082" ind1="#" ind2="#">
      <subfield code="a">297.4</subfield>
    </datafield>
    <datafield tag="090" ind1="#" ind2="#">
      <subfield code="a">2x4.059, Abd k</subfield>
    </datafield>
    <datafield tag="100" ind1="#" ind2="#">
      <subfield code="a">Abdurrahman</subfield>
    </datafield>
    <datafield tag="245" ind1="1" ind2="#">
      <subfield code="a">Kompilasi hukum Islam di Indonesia, /</subfield>
      <subfield code="c">H. Abdurrahman, SH. MH</subfield>
    </datafield>
    <datafield tag="260" ind1="#" ind2="#">
      <subfield code="a">Jakarta :</subfield>
      <subfield code="b">Akademika Pressindo,</subfield>
      <subfield code="c">1995</subfield>
    </datafield>
    <datafield tag="300" ind1="#" ind2="#">
      <subfield code="a">Viii, 175 hlm ;</subfield>
      <subfield code="c">19 x 13 cm</subfield>
    </datafield>
    <datafield tag="650" ind1="#" ind2="4">
      <subfield code="a">Hukum Islam</subfield>
    </datafield>
    <datafield tag="850" ind1="#" ind2="#">
      <subfield code="a">NBPNMAT</subfield>
    </datafield>
    <datafield tag="020" ind1="#" ind2="#">
      <subfield code="a">979-8035-45-3</subfield>
    </datafield>
    <datafield tag="084" ind1="#" ind2="#">
      <subfield code="a">297.4 ABD k</subfield>
    </datafield>
    <datafield tag="504" ind1="#" ind2="#">
      <subfield code="a">Bibliografi : hlm. 176</subfield>
    </datafield>
    <datafield tag="990" ind1="#" ind2="#">
      <subfield code="a">92303/BPAP-NTB/2014</subfield>
    </datafield>
    <datafield tag="990" ind1="#" ind2="#">
      <subfield code="a">00093638</subfield>
    </datafield>
    <datafield tag="990" ind1="#" ind2="#">
      <subfield code="a">00055645</subfield>
    </datafield>
    <datafield tag="990" ind1="#" ind2="#">
      <subfield code="a">00093638</subfield>
    </datafield>
  </record>
</collection>
